| 000 | 00511nam a2200181Ia 4500 | ||
|---|---|---|---|
| 003 | OSt | ||
| 005 | 20260202102306.0 | ||
| 008 | 210210b1944 xxu||||| |||| 00| 0 eng d | ||
| 040 | _cAL | ||
| 041 | _aKannada | ||
| 082 | _a853/73 | ||
| 100 |
_aKRASHNAKUMAR _9160704 _dಕೃಷ್ಣಕುಮಾರ್ |
||
| 245 |
_aMinchina hudi: _bಮಿಂಚಿನ ಹುಡಿ |
||
| 260 |
_aDharavada _bManohara Grantha Prakashana Samiti _c1944 |
||
| 690 |
_aKannada Drama _9160705 |
||
| 906 | _a019345 | ||
| 942 |
_2ddc _cBK |
||
| 999 |
_c143465 _d143465 |
||